[Event "56th Rubinstein Memorial D 2020"]
[Site "Polanica Zdroj"]
[Date "2020.08.18"]
[Round "4.17"]
[White "Karalchuk, Alieksej"]
[Black "Grzelak, Piotr"]
[Result "0-1"]
[WhiteElo "1493"]
[BlackElo "1664"]
[Annotator "NA"]
[PlyCount "68"]
[EventDate "2020.08.15"]
[EventType "swiss"]
[EventCountry "POL"]
[SourceTitle "playchess.com"]
[Source "ChessBase"]
[SourceQuality "1"]
[TimeControl "40/5400+30:1800+30"]

1. e4 {[%emt 0:01:43]} e6 {[%emt 0:00:00]} 2. d3 {[%emt 0:00:10]} d5 {[%emt 0:00:00]} 3. Nd2 {[%emt 0:01:11]} c5 {[%emt 0:00:07]} 4. g3 {[%emt 0:00:10]} Nc6 {[%emt 0:00:55]} 5. Bg2 {[%emt 0:00:09]} d4 {[%emt 0:00:37]} 6. Ngf3 {[%emt 0:00:32]} e5 {[%emt 0:00:20]} 7. O-O {[%emt 0:00:44]} Bd6 {[%emt 0:00:09]} 8. Re1 {[%emt 0:00:53]} Nge7 {[%emt 0:00:31]} 9. h3 {[%emt 0:00:37]} O-O {[%emt 0:00:26]} 10. Nc4 {[%emt 0:00:36]} Bc7 {[%emt 0:00:25]} 11. c3 {[%emt 0:01:23]} b5 {[%emt 0:00:54]} 12. Na3 {[%emt 0:00:09]} Rb8 {[%emt 0:00:33]} 13. cxd4 {[%emt 0:00:43]} cxd4 {[%emt 0:01:15]} 14. Bg5 {[%emt 0:00:55]} Be6 {[%emt 0:01:19]} 15. Bxe7 {[%emt 0:02:42]} Qxe7 {[%emt 0:02:00]} 16. Nc2 {[%emt 0:05:43]} f6 {[%emt 0:01:10]} 17. Qd2 {[%emt 0:01:09]} Ba5 {[%emt 0:00:35]} 18. b4 {[%emt 0:02:06]} Nxb4 {[%emt 0:00:25]} 19. Rec1 {[%emt 0:03:25]} Nxc2 {[%emt 0:00:47]} 20. Qxc2 {[%emt 0:00:19]} Rfc8 {[%emt 0:00:32]} 21. Qe2 {[%emt 0:01:55]} Bc3 {[%emt 0:00:36]} 22. Rab1 {[%emt 0:00:10]} a5 {[%emt 0:00:49]} 23. Ne1 {[%emt 0:01:36]} Qa3 {[%emt 0:01:45]} 24. Rc2 {[%emt 0:01:58]} a4 {[%emt 0:01:26]} 25. f4 {[%emt 0:01:32]} b4 {[%emt 0:01:19]} 26. fxe5 {[%emt 0:01:41]} fxe5 {[%emt 0:01:56]} 27. Qh5 {[%emt 0:01:19]} Rb5 28. Qg5 {[%emt 0:01:00]} b3 {[%emt 0:04:27]} 29. axb3 {[%emt 0:00:47]} axb3 {[%emt 0:01:12]} 30. Rf2 {[%emt 0:01:08]} Rf8 {[%emt 0:02:17]} 31. Rxf8+ {[%emt 0:01:02]} Qxf8 {[%emt 0:00:20]} 32. Nf3 {[%emt 0:01:24]} b2 {[%emt 0:03:43]} 33. h4 {[%emt 0:01:55]} Qf6 {[%emt 0:01:33]} 34. Qh5 {[%emt 0:01:12]} Qg6 {[%emt 0:00:10]} 0-1

[Event "56th Rubinstein Memorial D 2020"]
[Site "Polanica Zdroj"]
[Date "2020.08.18"]
[Round "4.18"]
[White "Ratajczak, Hubert"]
[Black "Goral, Jan"]
[Result "1-0"]
[WhiteElo "1513"]
[BlackElo "1580"]
[Annotator "NA"]
[PlyCount "127"]
[EventDate "2020.08.15"]
[EventType "swiss"]
[EventCountry "POL"]
[SourceTitle "playchess.com"]
[Source "ChessBase"]
[SourceQuality "1"]
[TimeControl "40/5400+30:1800+30"]

1. e4 {[%emt 0:00:00]} c5 {[%emt 0:02:05]} 2. Nf3 {[%emt 0:00:10]} Nc6 {[%emt 0:01:11]} 3. d4 {[%emt 0:00:14]} cxd4 {[%emt 0:00:21]} 4. Nxd4 {[%emt 0:00:09]} g6 {[%emt 0:01:48]} 5. c4 {[%emt 0:00:25]} Bg7 {[%emt 0:00:17]} 6. Be3 {[%emt 0:00:16]} Nf6 {[%emt 0:00:19]} 7. Nc3 {[%emt 0:01:13]} O-O {[%emt 0:01:19]} 8. Be2 {[%emt 0:00:52]} d6 {[%emt 0:00:50]} 9. O-O {[%emt 0:00:24]} Bd7 {[%emt 0:00:35]} 10. Qd2 {[%emt 0:00:16]} Nxd4 {[%emt 0:01:38]} 11. Bxd4 {[%emt 0:00:09]} Bc6 {[%emt 0:00:12]} 12. f3 {[%emt 0:00:11]} Nd7 {[%emt 0:02:41]} 13. Be3 {[%emt 0:00:09]} Nc5 {[%emt 0:02:31]} 14. Rab1 {[%emt 0:01:23]} a5 {[%emt 0:00:45]} 15. b3 {[%emt 0:00:23]} Be5 {[%emt 0:00:58]} 16. g3 {[%emt 0:01:46]} e6 {[%emt 0:01:47]} 17. Rfd1 {[%emt 0:00:31]} h5 {[%emt 0:13:56]} 18. Nb5 {[%emt 0:02:17]} Qb6 {[%emt 0:07:41]} 19. f4 {[%emt 0:04:25]} Bxb5 {[%emt 0:08:18]} 20. fxe5 {[%emt 0:00:32]} Ba6 {[%emt 0:01:30]} 21. exd6 {[%emt 0:00:37]} Qc6 {[%emt 0:01:34]} 22. Bxc5 {[%emt 0:00:26]} Qxc5+ {[%emt 0:00:08]} 23. Qd4 {[%emt 0:00:24]} Qc6 {[%emt 0:00:57]} 24. e5 {[%emt 0:01:00]} b6 {[%emt 0:00:40]} 25. Rf1 {[%emt 0:03:38]} Rab8 {[%emt 0:01:45]} 26. Bf3 {[%emt 0:01:38]} Qc5 {[%emt 0:00:29]} 27. Qxc5 {[%emt 0:01:03]} bxc5 {[%emt 0:00:06]} 28. Bc6 {[%emt 0:00:51]} Rfc8 {[%emt 0:01:14]} 29. Be4 {[%emt 0:01:44]} Bb7 {[%emt 0:00:38]} 30. Bxb7 {[%emt 0:01:16]} Rxb7 {[%emt 0:00:02]} 31. Rf3 {[%emt 0:03:37]} a4 {[%emt 0:01:07]} 32. h4 {[%emt 0:01:31]} Rcb8 {[%emt 0:01:38]} 33. Kf2 {[%emt 0:00:45]} Kf8 {[%emt 0:00:32]} 34. Rd3 {[%emt 0:01:35]} Ke8 {[%emt 0:00:59]} 35. Rf3 {[%emt 0:00:38]} Rb4 {[%emt 0:02:52]} 36. Rc3 {[%emt 0:02:21]} Kd7 {[%emt 0:03:04]} 37. Ke3 {[%emt 0:00:09]} f6 {[%emt 0:00:50]} 38. exf6 {[%emt 0:00:44]} R4b6 {[%emt 0:02:19]} 39. Rd3 {[%emt 0:03:27]} Rf8 {[%emt 0:00:28]} 40. Rf1 {[%emt 0:02:34]} axb3 {[%emt 0:00:19]} 41. Rxb3 {[%emt 0:31:15]} Rxb3+ {[%emt 0:30:49]} 42. axb3 {[%emt 0:00:15]} Kxd6 {[%emt 0:00:09]} 43. Ke4 {[%emt 0:00:43]} e5 {[%emt 0:03:14]} 44. Rd1+ {[%emt 0:01:10]} Ke6 {[%emt 0:00:08]} 45. Rd5 {[%emt 0:00:26]} Kxf6 {[%emt 0:00:24]} 46. Rxc5 {[%emt 0:00:16]} Rb8 {[%emt 0:01:17]} 47. Rb5 {[%emt 0:00:26]} Rd8 {[%emt 0:00:55]} 48. Rb6+ {[%emt 0:00:14]} Kg7 {[%emt 0:00:36]} 49. Kxe5 {[%emt 0:00:11]} Rd3 {[%emt 0:00:09]} 50. Kf4 {[%emt 0:00:07]} Rd4+ {[%emt 0:00:09]} 51. Ke3 {[%emt 0:00:29]} Rg4 {[%emt 0:00:17]} 52. Kf3 {[%emt 0:00:08]} Rd4 {[%emt 0:00:05]} 53. c5 {[%emt 0:00:13]} Rd3+ {[%emt 0:00:07]} 54. Kf4 {[%emt 0:00:04]} Rc3 {[%emt 0:00:05]} 55. c6 {[%emt 0:00:06]} Kh6 {[%emt 0:00:11]} 56. b4 {[%emt 0:00:07]} Rc4+ {[%emt 0:00:04]} 57. Kf3 {[%emt 0:00:11]} Rc3+ {[%emt 0:00:05]} 58. Kg2 {[%emt 0:00:05]} Rc2+ {[%emt 0:00:04]} 59. Kh3 {[%emt 0:00:06]} Rc4 {[%emt 0:00:39]} 60. b5 {[%emt 0:00:10]} Kg7 {[%emt 0:00:45]} 61. Rb7+ {[%emt 0:00:10]} Kf6 {[%emt 0:00:30]} 62. c7 {[%emt 0:00:08]} Ke6 {[%emt 0:00:13]} 63. b6 {[%emt 0:00:08]} Kd7 {[%emt 0:00:38]} 64. Rb8 {[%emt 0:00:40]} 1-0

[Event "56th Rubinstein Memorial D 2020"]
[Site "Polanica Zdroj"]
[Date "2020.08.18"]
[Round "4.19"]
[White "Kolodziejski, Grzegorz"]
[Black "Garwacki, Kornel"]
[Result "1/2-1/2"]
[WhiteElo "1550"]
[BlackElo "1492"]
[Annotator "NA"]
[PlyCount "117"]
[EventDate "2020.08.15"]
[EventType "swiss"]
[EventCountry "POL"]
[SourceTitle "playchess.com"]
[Source "ChessBase"]
[SourceQuality "1"]
[TimeControl "40/5400+30:1800+30"]

1. e4 {[%emt 0:00:00]} e5 {[%emt 0:00:00]} 2. Nf3 {[%emt 0:00:00]} Nc6 {[%emt 0:00:00]} 3. Bb5 {[%emt 0:00:06]} a6 {[%emt 0:00:00]} 4. Bxc6 {[%emt 0:00:25]} dxc6 {[%emt 0:00:11]} 5. O-O {[%emt 0:00:10]} Bd6 {[%emt 0:00:25]} 6. d4 {[%emt 0:00:26]} exd4 {[%emt 0:00:37]} 7. Qxd4 {[%emt 0:00:39]} f6 {[%emt 0:02:35]} 8. e5 {[%emt 0:02:02]} fxe5 {[%emt 0:02:03]} 9. Nxe5 {[%emt 0:00:11]} Qf6 {[%emt 0:01:51]} 10. Re1 {[%emt 0:00:37]} Ne7 {[%emt 0:00:52]} 11. Nf3 {[%emt 0:01:27]} O-O {[%emt 0:03:18]} 12. Qxf6 {[%emt 0:01:38]} Rxf6 {[%emt 0:00:18]} 13. Bg5 {[%emt 0:00:29]} Re6 {[%emt 0:00:51]} 14. Nc3 {[%emt 0:00:15]} Nd5 {[%emt 0:02:49]} 15. Ne4 {[%emt 0:01:18]} Bd7 {[%emt 0:03:58]} 16. Nxd6 {[%emt 0:01:51]} Rxe1+ {[%emt 0:01:43]} 17. Rxe1 {[%emt 0:00:13]} cxd6 {[%emt 0:00:07]} 18. c4 {[%emt 0:00:30]} Nb6 {[%emt 0:00:25]} 19. b3 {[%emt 0:00:17]} Re8 {[%emt 0:01:22]} 20. Kf1 {[%emt 0:00:22]} Kf7 {[%emt 0:02:44]} 21. Nd2 {[%emt 0:01:09]} Bf5 {[%emt 0:01:34]} 22. f3 {[%emt 0:02:02]} h6 {[%emt 0:02:18]} 23. Bf4 {[%emt 0:02:55]} d5 {[%emt 0:02:29]} 24. Bc7 {[%emt 0:00:31]} Rxe1+ {[%emt 0:01:31]} 25. Kxe1 {[%emt 0:00:06]} Nd7 {[%emt 0:00:36]} 26. cxd5 {[%emt 0:00:19]} cxd5 {[%emt 0:00:14]} 27. Ke2 {[%emt 0:00:26]} Ke6 {[%emt 0:02:44]} 28. Ke3 {[%emt 0:01:36]} Ne5 {[%emt 0:06:47]} 29. Bxe5 {[%emt 0:01:36]} Kxe5 {[%emt 0:00:15]} 30. f4+ {[%emt 0:00:05]} Kd6 {[%emt 0:00:44]} 31. Kd4 {[%emt 0:00:08]} b6 {[%emt 0:01:11]} 32. Nf1 {[%emt 0:00:52]} g6 {[%emt 0:01:59]} 33. Ne3 {[%emt 0:00:17]} Be6 {[%emt 0:03:25]} 34. g4 {[%emt 0:00:18]} Bf7 {[%emt 0:01:14]} 35. f5 {[%emt 0:00:08]} g5 {[%emt 0:01:10]} 36. Ng2 {[%emt 0:00:18]} Be8 {[%emt 0:05:18]} 37. h4 {[%emt 0:00:40]} Bb5 {[%emt 0:01:14]} 38. hxg5 {[%emt 0:01:01]} hxg5 {[%emt 0:00:11]} 39. Ne1 {[%emt 0:01:41]} Be2 {[%emt 0:00:29]} 40. Ke3 {[%emt 0:00:08]} Bxg4 {[%emt 0:00:25]} 41. f6 {[%emt 0:30:33]} Bh5 {[%emt 0:39:27]} 42. Kd4 {[%emt 0:00:09]} Ke6 {[%emt 0:02:34]} 43. a4 {[%emt 0:02:33]} Bd1 {[%emt 0:01:05]} 44. a5 {[%emt 0:00:25]} bxa5 {[%emt 0:00:56]} 45. f7 {[%emt 0:00:07]} Kxf7 {[%emt 0:00:24]} 46. Kxd5 {[%emt 0:00:06]} Bxb3+ {[%emt 0:00:25]} 47. Kd4 {[%emt 0:00:09]} a4 {[%emt 0:00:42]} 48. Nd3 {[%emt 0:00:13]} Kf6 {[%emt 0:00:32]} 49. Nf2 {[%emt 0:00:10]} Kf5 {[%emt 0:00:42]} 50. Kc3 {[%emt 0:00:25]} Kf4 {[%emt 0:00:15]} 51. Nh3+ {[%emt 0:00:05]} Kg4 {[%emt 0:00:14]} 52. Nxg5 {[%emt 0:00:02]} Kxg5 {[%emt 0:00:48]} 53. Kb2 {[%emt 0:00:04]} a5 {[%emt 0:00:14]} 54. Ka1 {[%emt 0:00:07]} Kf4 {[%emt 0:00:08]} 55. Kb2 {[%emt 0:00:05]} Ke3 {[%emt 0:00:13]} 56. Ka1 {[%emt 0:00:03]} Kd2 {[%emt 0:00:26]} 57. Kb2 {[%emt 0:00:06]} Bc2 {[%emt 0:00:20]} 58. Ka1 {[%emt 0:00:03]} Bb3 {[%emt 0:00:28]} 59. Kb2 {[%emt 0:00:05]} 1/2-1/2

[Event "56th Rubinstein Memorial D 2020"]
[Site "Polanica Zdroj"]
[Date "2020.08.18"]
[Round "4.20"]
[White "Lisiecki, Robert"]
[Black "Olsztynski, Andrzej"]
[Result "0-1"]
[WhiteElo "1749"]
[BlackElo "1400"]
[Annotator "NA"]
[PlyCount "92"]
[EventDate "2020.08.15"]
[EventType "swiss"]
[EventCountry "POL"]
[SourceTitle "playchess.com"]
[Source "ChessBase"]
[SourceQuality "1"]
[TimeControl "40/5400+30:1800+30"]

1. e4 {[%emt 0:00:00]} c5 {[%emt 0:05:57]} 2. Nf3 {[%emt 0:00:00]} Nc6 {[%emt 0:00:10]} 3. Bb5 {[%emt 0:00:00]} a6 {[%emt 0:00:51]} 4. Bxc6 {[%emt 0:00:00]} dxc6 {[%emt 0:00:21]} 5. e5 {[%emt 0:00:16]} Bg4 {[%emt 0:00:27]} 6. O-O {[%emt 0:01:31]} Qd5 {[%emt 0:00:36]} 7. Nc3 {[%emt 0:00:28]} Bxf3 {[%emt 0:00:34]} 8. Nxd5 {[%emt 0:00:06]} Bxd1 {[%emt 0:00:18]} 9. Nc7+ {[%emt 0:00:04]} Kd8 {[%emt 0:00:56]} 10. Nxa8 {[%emt 0:00:02]} Bxc2 {[%emt 0:00:39]} 11. a4 {[%emt 0:04:13]} a5 {[%emt 0:01:59]} 12. Re1 {[%emt 0:00:36]} e6 {[%emt 0:00:44]} 13. Nb6 {[%emt 0:00:58]} Bd3 {[%emt 0:01:01]} 14. Re3 {[%emt 0:00:43]} c4 {[%emt 0:00:33]} 15. b3 {[%emt 0:02:45]} Bc5 {[%emt 0:06:33]} 16. Nxc4 {[%emt 0:00:11]} Bxc4 {[%emt 0:02:10]} 17. bxc4 {[%emt 0:01:01]} Bxe3 {[%emt 0:00:11]} 18. fxe3 {[%emt 0:00:04]} Ne7 {[%emt 0:01:24]} 19. Ba3 {[%emt 0:01:00]} Nc8 {[%emt 0:01:24]} 20. Rb1 {[%emt 0:00:52]} Kc7 {[%emt 0:05:38]} 21. Bd6+ {[%emt 0:01:12]} Nxd6 {[%emt 0:00:13]} 22. exd6+ {[%emt 0:00:05]} Kxd6 {[%emt 0:00:18]} 23. Rxb7 {[%emt 0:00:04]} Kc5 {[%emt 0:01:23]} 24. Rxf7 {[%emt 0:00:13]} Kxc4 {[%emt 0:00:44]} 25. Rxg7 {[%emt 0:00:06]} c5 {[%emt 0:01:35]} 26. Kf2 {[%emt 0:02:48]} Kb4 {[%emt 0:01:45]} 27. Rg4+ {[%emt 0:02:07]} c4 {[%emt 0:02:55]} 28. h4 {[%emt 0:00:37]} Rc8 {[%emt 0:01:26]} 29. Re4 {[%emt 0:06:26]} Kxa4 {[%emt 0:01:36]} 30. Rxe6 {[%emt 0:00:04]} Kb3 {[%emt 0:03:31]} 31. g4 {[%emt 0:03:11]} a4 {[%emt 0:00:41]} 32. Re7 {[%emt 0:02:04]} a3 {[%emt 0:00:30]} 33. Rb7+ {[%emt 0:05:38]} Kc2 {[%emt 0:00:21]} 34. Ra7 {[%emt 0:00:09]} Kxd2 {[%emt 0:00:42]} 35. Rxa3 {[%emt 0:02:16]} c3 {[%emt 0:00:16]} 36. g5 {[%emt 0:05:01]} c2 {[%emt 0:00:19]} 37. Ra1 {[%emt 0:00:20]} Rb8 {[%emt 0:00:56]} 38. Kf3 {[%emt 0:03:28]} Rb1 {[%emt 0:01:36]} 39. Ra2 {[%emt 0:00:12]} Kd3 {[%emt 0:00:24]} 40. Rxc2 {[%emt 0:00:24]} Kxc2 {[%emt 0:00:09]} 41. Kg4 {[%emt 0:31:37]} Kd3 {[%emt 0:30:51]} 42. h5 {[%emt 0:01:13]} Ke4 {[%emt 0:00:20]} 43. h6 {[%emt 0:00:55]} Rg1+ {[%emt 0:00:19]} 44. Kh5 {[%emt 0:00:04]} Kf5 {[%emt 0:00:46]} 45. e4+ {[%emt 0:00:05]} Kxe4 {[%emt 0:00:09]} 46. g6 {[%emt 0:00:07]} Rxg6 {[%emt 0:00:12]} 0-1

[Event "56th Rubinstein Memorial D 2020"]
[Site "Polanica Zdroj"]
[Date "2020.08.19"]
[Round "5.1"]
[White "Simon, Marek"]
[Black "Gromczak, Dariusz"]
[Result "1/2-1/2"]
[WhiteElo "1878"]
[BlackElo "1785"]
[Annotator "NA RC"]
[PlyCount "28"]
[EventDate "2020.08.15"]
[EventType "swiss"]
[EventCountry "POL"]
[SourceTitle "playchess.com"]
[Source "ChessBase"]
[SourceQuality "1"]
[TimeControl "40/5400+30:1800+30"]

{[%evp 8,28,74,64,76,57,83,79,84,66,62,0,11,-1,2,-18,0,-15,-7,-42,-43,-31,10]} 1. d4 {[%emt 0:01:11]} g6 {[%emt 0:00:00]} 2. c4 {[%emt 0:00:17]} Bg7 {[%emt 0:00:39]} 3. e4 {[%emt 0:00:19]} d6 {[%emt 0:00:16]} 4. Nc3 {[%emt 0:00:50]} e6 {[%emt 0:02:29]} 5. Be3 {[%emt 0:10:13]} Ne7 {[%emt 0:01:10]} 6. h4 {[%emt 0:09:36]} h6 {[%emt 0:02:07]} 7. Qd2 {[%emt 0:13:43]} Nd7 {[%emt 0:03:47]} 8. Nge2 {[%emt 0:12:03]} d5 {[%emt 0:19:17]} 9. exd5 {[%emt 0:10:33]} ({White should play} 9. Ng3 $14) 9... exd5 {[%emt 0:00:40]} 10. h5 {[%emt 0:02:59]} g5 {[%emt 0:04:38]} 11. Ng3 {[%emt 0:06:16]} dxc4 {[%emt 0:09:48]} 12. Bxc4 {[%emt 0:01:24]} Nb6 {[%emt 0:00:18]} 13. Bd3 f5 14. f4 g4 $11 1/2-1/2

[Event "56th Rubinstein Memorial D 2020"]
[Site "Polanica Zdroj"]
[Date "2020.08.19"]
[Round "5.2"]
[White "Lukasiewicz, Aleksander"]
[Black "Szczygiel, Konrad"]
[Result "1/2-1/2"]
[WhiteElo "1960"]
[BlackElo "1901"]
[Annotator "TA"]
[PlyCount "91"]
[EventDate "2020.08.15"]
[EventType "swiss"]
[EventCountry "POL"]
[SourceTitle "playchess.com"]
[Source "ChessBase"]
[SourceQuality "1"]

{[%evp 9,91,49,66,77,69,71,63,76,70,58,58,77,66,61,76,75,79,74,118,118,119,124,116,118,189,129,122,99,103,115,147,136,141,135,138,54,57,50,70,70,70,70,77,77,82,77,77,41,72,71,71,64,64,64,64,0,64,0,64,0,64,35,35,35,35,35,35,35,35,-5,0,-5,0,-5,0,-9,29,-5,0,-5,0,-5,0,-5]} 1. e4 g6 2. d4 Bg7 3. Nc3 c5 4. dxc5 Bxc3+ 5. bxc3 Qa5 6. Qd4 {B06: Modern Defence.} Nf6 7. Qb4 Qxb4 8. cxb4 {White is slightly better.} Nxe4 9. f3 Nf6 10. Bb2 b6 {[#]} 11. Bc4 $146 {[%mdl 2048] Strongly threatening Bxf6. White is more active.} ({Predecessor:} 11. cxb6 axb6 12. a3 O-O 13. O-O-O Nh5 14. Bb5 d6 15. Ne2 Bd7 16. Nd4 Rc8 17. Rhe1 {½-½ (60) Raetsky,A (2394)-Najjar,A (2233) Beirut 2019}) 11... Bb7 12. cxb6 axb6 13. O-O-O Na6 14. a3 Nc7 15. Nh3 d5 16. Rhe1 {[#] Bxf6 is the strong threat.} O-O-O (16... Ne6 $16 {was worth a try.}) 17. Rxe7 (17. Bb3 $18 Rde8 18. Bd4) 17... dxc4 $16 18. Bxf6 Rxd1+ 19. Kxd1 Rd8+ 20. Ke1 Rd7 21. Rxd7 Kxd7 {[%mdl 4096] Endgame KBN-KBN} 22. Bd4 (22. Ng5 $16) 22... b5 $14 23. Nf2 f5 24. Nh3 Ne6 25. Bf6 Bd5 26. Kd2 Ke8 27. Ng5 Nf4 28. g3 (28. Nxh7 $5 {[%cal Rf6e5]} Nxg2 29. Ng5 $14) 28... h6 29. gxf4 {[#] Hoping for Nh3.} hxg5 30. Bxg5 Bxf3 $16 {KB-KB} 31. Ke3 Bd1 32. Kd2 Bf3 $1 33. Ke3 Bd1 $1 34. Kd2 Bf3 $1 35. Kc3 Be4 36. Bf6 Kd7 37. a4 bxa4 38. Kxc4 Bxc2 39. Kc5 Kc7 40. h4 Bd1 41. Bd4 Bc2 42. Kb5 Kb7 43. Kc5 Kc7 {The position is equal.} 44. Kd5 Bd1 45. Kc5 Bc2 46. Kd5 {Blacks defense is rewarded with a draw. Accuracy: White = 80%, Black = 85%.} 1/2-1/2

[Event "56th Rubinstein Memorial D 2020"]
[Site "Polanica Zdroj"]
[Date "2020.08.19"]
[Round "5.3"]
[White "Kozlowski, Pawel"]
[Black "Podgorski, Maciej"]
[Result "0-1"]
[WhiteElo "1913"]
[BlackElo "1810"]
[Annotator "TA"]
[PlyCount "95"]
[EventDate "2020.08.15"]
[EventType "swiss"]
[EventCountry "POL"]
[SourceTitle "playchess.com"]
[Source "ChessBase"]
[SourceQuality "1"]

{[%evp 9,95,26,58,72,103,50,47,24,48,22,33,15,26,-46,21,22,21,0,33,-32,-3,-9,71,72,73,64,92,95,85,103,86,42,61,0,85,79,114,68,62,37,86,95,93,11,9,0,17,-40,-36,-58,-8,-52,8,-254,-238,-531,-522,-518,-513,-1018,-1009,-993,-960,-940,-588,-5614,-5335,-29990,-29991,-29991,-668,-2096,-669,-631,-625,-775,-775,-772,-750,-718,-697,-724,-686,-771,-570,-29984,-29985,-29984]} 1. e4 c5 2. Nf3 d6 3. c3 Nf6 4. Be2 e5 5. O-O Nc6 6. d4 {[#] B50: Sicilian: 2...d6, Miscellaneous.} Qb6 $146 {[%cal Rc5d4]} ({Predecessor:} 6... cxd4 7. cxd4 exd4 8. Nxd4 Be7 9. Nc3 O-O 10. h3 Re8 11. Re1 Bf8 12. Bf1 Bd7 {1-0 (21) Jones,G (2688)-Gokerkan,C (2452) chess24.com INT 2019}) 7. dxe5 (7. d5 $16) 7... dxe5 $14 8. Qc2 {White is slightly better.} Be7 9. h3 Be6 10. Be3 Rc8 11. b4 ({White should play} 11. Nbd2 $11) 11... a5 ({Black should try} 11... O-O $15) 12. bxa5 $11 Qxa5 13. Ng5 Bd7 14. Bc4 (14. Nd2 $14) 14... O-O (14... h6 $5 {[%cal Rh6g5]} 15. Nf3 (15. Nxf7 Rf8 $17) 15... b5 $11) 15. a4 b5 (15... Qc7 $11 {keeps the balance.}) 16. axb5 $16 (16. Bxb5 Nd4 $11) 16... Qxa1 17. bxc6 Bxc6 {Threatens to win with ...Ba4.} 18. Nxf7 $1 Ba4 19. Nxe5+ Kh8 20. Qe2 Be8 21. Qc2 (21. Bf4 $14) 21... Qa8 (21... Ba4 $11 22. Qe2 Be8) 22. Nd2 Qb8 23. Nef3 Nh5 24. e5 Bc6 25. Be6 Rcd8 26. Bg4 ({Better is} 26. Bf5 $16) 26... Nf4 $11 27. Ne4 Nd3 28. Neg5 (28. Rb1 $11 Qc7 29. Neg5 Bxf3 30. Ne6 {[%mdl 64] Double Attack} (30. gxf3 Bxg5 31. Bxg5 Qxe5 $15) (30. Nxf3 Nxe5 31. Nxe5 Qxe5 $15) 30... Qxe5 31. gxf3) 28... Bxf3 $1 $15 29. gxf3 Qxe5 (29... Bxg5 $5 30. Bxg5 Qxe5 31. Bxd8 Rxd8 $17) 30. Ne6 {[%mdl 64] [#] Black must now prevent Rd1. Double Attack} (30. f4 $5 {[%cal Rf4e5]} Qd6 31. Ne6 $15) 30... h5 (30... Bd6 $1 $15 {[%mdl 512]} 31. Rd1 (31. f4 $2 Nxf4 32. Bxf4 Rxf4 $19) 31... Qh2+ 32. Kf1 c4 33. Nxf8 Rxf8 34. Rxd3 cxd3 35. Qxd3 Be5) 31. f4 $2 {[%mdl 8192] This move loses the game for White.} (31. Nxf8 $11 {and White has nothing to worry.} Bxf8 32. f4 Nxf4 33. Qf5) 31... Qe4 $40 {[%mdl 128] Black has strong attack.} ({Not} 31... Nxf4 32. Nxf4 Rxf4 33. Bxf4 $15) 32. Nxd8 $2 (32. Qe2 {is the only way for White.} hxg4 33. Qxg4) 32... hxg4 33. hxg4 Rxd8 34. Kh2 (34. g5 $142) 34... Bd6 35. Rh1 Kg8 36. Kg1 Bxf4 37. Qa2+ c4 {( -> ...Ne1)} 38. Qa5 Ra8 39. Ba7 Qe1+ (39... Ne1 $142 40. Rh8+ {[%mdl 64] Decoy} Kxh8 41. Qh5+ Kg8 42. Qh3 Rxa7 43. Qf1 Ra1 44. f3 Nxf3+ 45. Kg2 {[#]} Nh4+ $1 {[%mdl 576] Discovered Attack (Double check)} 46. Kh3 Qh1+ 47. Qxh1 Rxh1#) 40. Kg2 {White wants to mate with Qd5+.} Qxf2+ (40... Qe6 $142 41. Rh5 Qe4+ 42. Kf1 Be5 43. Rxe5 Nxe5) 41. Bxf2 {Intending Qd5+ and mate.} Rxa5 42. Bd4 Be5 43. Bxe5 Rxe5 44. Kf3 Kf7 45. Ra1 Re1 46. Ra4 Rc1 47. Ke4 Nc5+ {[%mdl 64] Double Attack} 48. Kd4 {Accuracy: White = 45%, Black = 49%.} 0-1

[Event "56th Rubinstein Memorial D 2020"]
[Site "Polanica Zdroj"]
[Date "2020.08.19"]
[Round "5.4"]
[White "Szydelko, Michal"]
[Black "Bienkowski, Zbigniew"]
[Result "1/2-1/2"]
[WhiteElo "1910"]
[BlackElo "1739"]
[Annotator "TA"]
[PlyCount "94"]
[EventDate "2020.08.15"]
[EventType "swiss"]
[EventCountry "POL"]
[SourceTitle "playchess.com"]
[Source "ChessBase"]
[SourceQuality "1"]

{[%evp 17,94,0,0,0,37,25,28,16,53,22,20,11,30,20,45,10,23,0,7,-6,0,-27,-17,-24,-20,-65,-25,-51,-23,-43,-29,-103,-91,-103,-60,-94,-89,-89,-91,-118,-109,-109,-118,-163,-153,-152,-164,-229,-196,-238,-265,-468,-466,-472,-457,-458,-238,-439,-233,-297,-297,-297,-297,-308,-308,-308,-234,-344,-324,-752,-120,-112,-8,-14,0,0,0,0,0]} 1. e4 e6 2. d4 d5 3. Bd3 c5 4. exd5 exd5 5. dxc5 Bxc5 6. Nf3 Nf6 7. O-O O-O 8. h3 h6 9. Nc3 Nc6 10. Bf4 {C01: French: Exchange Variation.} Nb4 11. a3 Nxd3 12. Qxd3 {[#] White has an edge.} a6 $146 ({Predecessor:} 12... Be6 13. Nd4 Rc8 14. Rad1 a6 15. Rfe1 Re8 16. Nxe6 fxe6 17. Bxh6 gxh6 {0-1 (48) Samolins,V (2420)-Korobov,A (2623) Pardubice 2009}) 13. Rfd1 Be6 14. Be5 Be7 15. Nd4 Nd7 16. Bg3 {And now Qe2 would win.} Bf6 17. Rab1 Rc8 18. Nde2 Nb6 19. a4 {[%cal Ba3a4,Ba4a5][%mdl 32]} Qd7 20. a5 Na4 21. Qf3 {[%cal Rc3d5]} Rfd8 22. Rd2 Qc6 {[%cal Ra4c3]} 23. Nxa4 Qxa4 24. b3 (24. c3 $11 {remains equal.}) 24... Qxa5 $17 25. Rbd1 Qc5 26. Nf4 Re8 27. Nxd5 Bxd5 28. Qxd5 Qxd5 29. Rxd5 Rxc2 30. Rd7 {[#]} b5 $1 31. Ra7 Re6 32. Rdd7 (32. Rd6 $142) 32... Rb2 33. Ra8+ Kh7 34. Rda7 $2 (34. Rxf7 {was necessary.} Rxb3 35. h4) 34... Rxb3 $19 35. Rxa6 Rxa6 36. Rxa6 {[%mdl 4096] Endgame KRB-KRB} Rb1+ 37. Kh2 Rb2 (37... b4 $142 38. Ra5 b3) 38. Ra7 Kg6 39. Rb7 b4 {[%cal Bb5b4,Bb4b3][%mdl 32]} 40. Bd6 b3 ({Less strong is} 40... Rxf2 41. Rxb4 Rb2 42. Rxb2 $17) 41. Kg3 Rb1 42. f4 (42. Be7 $142) 42... Kf5 43. Kf3 $2 (43. Ba3) 43... Rd1 $2 (43... b2 $19 {and Black stays clearly on top.} 44. Bc5 Rf1+ 45. Ke3 b1=Q 46. g4+ Ke6 47. Rxb1 Rxb1) 44. g4+ $17 {[#]} Ke6 (44... Kg6 $1 $17 {Threatens to win with ...b2.} 45. Be5 Bxe5 46. fxe5 Rd3+ 47. Kg2 Rd2+ 48. Kg3 Rd3+ 49. Kg2 f5 50. Rb6+ Kg5) 45. Ba3 $1 $11 {The position is equal.} Rd3+ 46. Ke4 {[%csl Ge4,Gg4][%cal Rf4f5]} Rd4+ 47. Ke3 Ra4 {Accuracy: White = 48%, Black = 65%.} 1/2-1/2